| 000 | 00432 a2200157 4500 | ||
|---|---|---|---|
| 999 |
_c320834 _d320834 |
||
| 001 | 85761 | ||
| 003 | NUST | ||
| 005 | 20180119194756.0 | ||
| 008 | 180119b xxu||||| |||| 00| 0 eng d | ||
| 020 | _a0813311861 | ||
| 082 | _a972.91064 EST | ||
| 100 |
_aCentro de Estudios ; Sobre America _99156 |
||
| 245 |
_aThe Cuban Revolution into the 1990s Cuban Perspectives _hEnglish |
||
| 250 | _a1st | ||
| 260 |
_aUSA _bWestview _c1992 |
||
| 300 | _aviii 197p. | ||
| 500 | _aGifted By AM Masood Akhtar | ||
| 942 |
_acaenust _cBK _k972.91064 EST _2ddc |
||